00784nam a2200241Ia 450000500170000000800410001702000180005804100080007608200150008424500770009925000180017630000250019449000330021965000340025265000320028670000360031870000340035426400310038833600270041933700330044633800280047904000350050720220317001723.0170328s2009 ag g 000 0 s  a9789500396516 aspa04a808.8bC8200aCuentos breves y extraordinarioscJorge Luis Borges, Adolfo Bioy Casares a1a. edición a157 páginasc19 cm aAniversario Losada 1938-2008142LEMBaLiteraturavColecciones142LEMBaCuentosvAntologías1 aBioy Casares, Adolfod1914-19991 aBorges, Jorge Luisd1899-1986 aBuenos AiresbLosadac2009 atextobtxt2rdacontent asin mediaciónbn2rdamedia avolumenbnc2rdacarrier aCO-BoRNBPbspaerdacCO-BoRNBP